01048nam a22003017a 45000010005000000030006000050050017000110080041000280200018000690400029000870500015001160820010001311000019001412450072001602500034002322600038002663000050003044900033003545050008003875200182003955210020005775210020005976500038006176500020006556500021006756500020006967000030007165108FISKH20241106124315.0241106b cb ||||| |||| 00| 0 eng d a9780545141048 aFISKHbengcFISKHdFISKH aPZ7.S68033 a741.5 aSniegoski, Tom aQuest for the Spark /cby Tom Sniegoski : illustrated by Jeff Smith aFirst edition , February 2012 aNew York : bScholastic ;c2012.  a234 pages : bcolor illustrations ;c24 cm .  aQuest for the Spark vBook 2 aU  aTwelve-year-old Tom and his cohorts continue their seemingly impossible quest to find the pieces of the Spark that will save Dreaming--and the Waking World--from the evil Nacht.8 a820 bLexile 8 aU bRaz-Plus  aadventure and adventure vfiction aheroesvfiction aDreams vFiction aMagic vFiction aSmith, Jeffeillustrator